| 000 | 00477 a2200145 4500 | ||
|---|---|---|---|
| 999 |
_c86381 _d86380 |
||
| 005 | 20180216140613.0 | ||
| 008 | 170110b xxu||||| |||| 00| 0 eng d | ||
| 020 | _a9788177054804 | ||
| 080 |
_a89M-992 _bSUR/L |
||
| 100 | _aSurendranath, K V | ||
| 245 | _aLokathinte mukalthattilude(ലോകത്തിൻെറ മുകൾത്തട്ടിലൂടെ) | ||
| 260 |
_aThiruvananthapuram _bPrabhath book house _c2014 |
||
| 300 | _a147p. | ||
| 653 | _aTravelogue - Malayalam literature | ||
| 942 | _cBK | ||